| 000 -LEADER |
| fixed length control field |
00660nam a2200205Ia 4500 |
| 001 - CONTROL NUMBER |
| control field |
4950 |
| 003 - CONTROL NUMBER IDENTIFIER |
| control field |
GE_BSU |
| 008 - FIXED-LENGTH DATA ELEMENTS--GENERAL INFORMATION |
| fixed length control field |
181216s||||||||xx |||||||||||||| ||und|| |
| 040 ## - CATALOGING SOURCE |
| Transcribing agency |
GE_BSU |
| 080 ## - UNIVERSAL DECIMAL CLASSIFICATION NUMBER |
| Universal Decimal Classification number |
621.81:681.3 |
| 100 ## - MAIN ENTRY--PERSONAL NAME |
| Personal name |
Дашкевич,Б.П. Дьяченко,С.К. |
| 245 ## - TITLE STATEMENT |
| Title |
Детали машин: Курсовое проектирование |
| 245 ## - TITLE STATEMENT |
| Statement of responsibility, etc. |
Ред. Г.Кудрявцев. |
| 260 ## - PUBLICATION, DISTRIBUTION, ETC. |
| Place of publication, distribution, etc. |
Киев. |
| 260 ## - PUBLICATION, DISTRIBUTION, ETC. |
| Name of publisher, distributor, etc. |
гос. изд.-во технич. литературы УССР. |
| 260 ## - PUBLICATION, DISTRIBUTION, ETC. |
| Date of publication, distribution, etc. |
1960. |
| 300 ## - PHYSICAL DESCRIPTION |
| Extent |
396стр. с илл. 30см.библиогр.:стр.293. |
| 653 ## - INDEX TERM--UNCONTROLLED |
| Uncontrolled term |
Детали машин. |
| 942 ## - ADDED ENTRY ELEMENTS (KOHA) |
| Koha item type |
წიგნი |